000 00425nab a2200145Ia 4500
003 ES-SlBCS
005 20210601125241.0
008 140529s1980 xxu||||| |||| 00| 0 eng d
041 _aeng
100 1 _aAnnis, David B.
_9132475
245 0 0 _aMemory and Justification
_c David B. Annis
650 0 4 _aMemoria
_988594
773 0 _tPhilosophy and Phenomenological Research
_gvol. 40, 1980, págs. 324-333
_wRev1411
942 _cAR
999 _c527250
_d527250